000 00217nam a22000857a 4500
008 161202b xxu||||| |||| 00| 0 eng d
100 _91751
_aBhatachajee
245 _aMonkeys come to village
260 _aNew delhi
_bCBT
_c2011
999 _c4459
_d4459